| 000 | 00923nam a22002297a 4500 | ||
|---|---|---|---|
| 999 |
_c65773 _d65773 |
||
| 005 | 20240530110842.0 | ||
| 008 | 200912s2019 ua a f b 000 0dara d | ||
| 017 |
_a2018/25255 _bمصر. دار الكتب |
||
| 020 | _a9789779120935 | ||
| 040 |
_aEG-CaGPL _cEG-CaGPL |
||
| 082 | 0 | 4 |
_221 _a355.1 _bق/م و |
| 100 | 0 | _aمحاسن الوقاد | |
| 245 | 1 | 2 |
_aالوظائف العسكرية زمن سلاطين المماليك : _b648 - 923 هـ : 1250 - 1517 م / _cمحاسن الوقاد |
| 250 | _aط.1 | ||
| 260 |
_aالقاهرة : _bالهيئة المصرية العامة للكتاب، _c2019 |
||
| 300 |
_a317 ص. ؛ _c24 سم. |
||
| 490 | 0 |
_aتاريخ المصريين ؛ _v319 |
|
| 650 | 0 | 7 |
_2qrmak _aالوظائف العسكرية _yعصر المماليك _zمصر |
| 651 | 0 | 7 |
_2qrmak _aمصر _xتاريخ _yعصر المماليك |
| 942 |
_2ddc _cBK |
||